| 000 | 00522nam a2200217Ia 4500 | ||
|---|---|---|---|
| 001 | 12559 | ||
| 003 | GE_BSU | ||
| 008 | 181216s||||||||xx |||||||||||||| ||und|| | ||
| 020 | _a9781845410643 | ||
| 040 | _cGE_BSU | ||
| 080 | _a338.48 | ||
| 100 | _aDuval,David Timothy | ||
| 245 | _aTourism and Transport. Modes, networks and flows | ||
| 260 | _aClevedon | ||
| 260 | _bChannel View Publications | ||
| 260 | _c2007 | ||
| 300 | _a327p.ill.25cm. | ||
| 541 | _h191Gel. | ||
| 653 | _aTourism and Transport | ||
| 942 | _cBK | ||
| 999 |
_c45732 _d45732 |
||